Las tecnologías de la sociedad de la información (TSI) y la salud en la globalización = Information society technologies (IST) and health in globalization /
El propósito del presente artículo es explorar, en el contexto de la globalización, las posturas académicas pesimista y optimistas con respecto a las Tecnología de la Sociedad de la Información (TSI), para proceder a dilucidar sus repercusiones para la salud y la práctica médica. La investigación fu...
Uloženo v:
| Hlavní autor: | |
|---|---|
| Médium: | Text |
| Témata: | |
| Tagy: |
Přidat tag
Žádné tagy, Buďte první, kdo vytvoří štítek k tomuto záznamu!
|
MARC
| LEADER | 00000 a a2200000 04500 | ||
|---|---|---|---|
| 001 | 40639 | ||
| 003 | |||
| 040 | |||
| 100 | |a Alcántara Moreno, Gustavo | ||
| 245 | |a Las tecnologías de la sociedad de la información (TSI) y la salud en la globalización = |b Information society technologies (IST) and health in globalization / |c Gustavo Alcántara Moreno | ||
| 520 | |a El propósito del presente artículo es explorar, en el contexto de la globalización, las posturas académicas pesimista y optimistas con respecto a las Tecnología de la Sociedad de la Información (TSI), para proceder a dilucidar sus repercusiones para la salud y la práctica médica. La investigación fue de carácter documental, con una metodología cualitativa desde una perspectiva interdisciplinaria en el sentido que relaciona las ciencias sociales y las ciencias de la salud. | ||
| 590 | |a RRA/ENERO2011 | ||
| 650 | |a 1.TECNOLOGIA DE LA INFORMACION | ||
| 650 | |a 2.GLOBALIZACION | ||
| 650 | |a 3.SALUD | ||
| 650 | |a 4.ACCESO A LA SALUD | ||
| 650 | |a 5.MEDICINA | ||
| 650 | |a 6.DESIGUALDAD SOCIAL | ||
| 773 | |g volumen18, número3 ( , 2009), páginas 487-507 : tablas | ||
| 999 | |c 31474 |d 31474 | ||
